书目信息 |
| 书名: | Writing prose | |
| 作者: | ||
| 分册号: | ||
| 分册名: | 出版地: | London : |
|
| 出版社: | Oxford Univ Pr | |
| 出版时间: | 1969. | |
| 页数: | 362 p. ; | |
| 开本: | 21 cm. | |
| 丛书名: | ||
| 中图分类号: | ||
| 科图分类号: | ||
| 其他分类号: | H315 | |
| 主题词: | ||
| 电子资源: | ||
| 000 | 00645nam 2200217 a 4500 | |
| 001 | E0730274078 | |
| 005 | 20070301082447.17 | |
| 008 | uu | |
| 040 | @aNLC | |
| 049 | @aN5LA | |
| 090 | @a2/I16-4/KTS/ 1969///////969033-35/3cop./*968973-4/cop.4-5 | |
| 090 | @aH315 | |
| 096 | @aI16-4 @v2 | |
| 099 | @dH315@ex63=3 | |
| 245 | 00 | @aWriting prose :@btechniques and purposes |
| 250 | @a3rd ed. | |
| 260 | @aLondon :@bOxford Univ Pr.,@c1969. | |
| 300 | @a362 p. ;@c21 cm. | |
| 500 | @a5th print. 1974. | |
| 700 | 1 | @aKane, Thomas S, @eed. @b00 @c20020930 @lNLC09 @h2245 @lNLC09 @h2246 @lNLC09 @h1838 |
| 852 | 9 | @bWWJC @cJ08S @k2 @hI16-4 @iKTS/1969 |
| Writing prose : : techniques and purposes.-3rd ed.-London : : Oxford Univ Pr., , 1969. |
| 362 p. ; ; 21 cm. |
| 5th print. 1974. |
| ISBN |
| ● |
| 相关链接 |
|
|
|
|
正题名:Writing prose
索取号:H315/x63=3
 
预约/预借
| 序号 | 登录号 | 条形码 | 馆藏地/架位号 | 状态 | 备注 |
| 1 | 105160 | 001042099 | 第四借阅区/ [索取号:H315/x63=3] | 在馆 | |
| 2 | 105162 | 001042543 | 第四借阅区/ [索取号:H315/x63=3] | 在馆 | |
| 3 | 105163 | 001042133 | 第四借阅区/ [索取号:H315/x63=3] | 在馆 | |
| 4 | 105169 | 001042179 | 第四借阅区/ [索取号:H315/x63=3] | 在馆 |